000 00703nam a2200241Ia 4500
003 OSt
005 20221007073453.0
006 a|||||r|||| 00| 0
007 ta
008 221006b |||||||| |||| 00| 0 eng d
020 _cRs. 90/-
024 _a15,288
037 _cTextual
040 _aFLL
_cFLL
_beng
041 _2eng
_aeng
082 _aX:9582:Z2qN52, L9
100 _aSrivastava K.D. Au.
245 0 _aCommentaries on employees' provident funds and miscellaneous provisions act, 1952
260 _aLucknow
_bEastern book company India
_c1979
300 _a201p
_ccm.
942 _hX:9582:Z2qN52, L9
_cTEXL
_2CC
999 _c1148838
_d1148838